000 02305nam a2200229 a 4500
001 000046738
005 20201002053103.0
008 180321s2014 dr 000 0 spa d
020 _a9789945898033
040 _aDO-SdBNP
_bspa
_cBNPHU
082 _axxx
_bxxxx
100 1 _aBlanco, Rosa
_974666
245 1 0 _aGuía orientativa para la atención integral a la primera infancia en la República Dominicana :
_bmodalidades de atención y prácticas educativas /
_cRosa Blanco, Ana Pizano, Margarita Heisen, Wara González.
260 _aSanto Domingo, :
_bOrganización de Estados Iberoamericanos para la Educación, la Ciencia y la Cultura (OEI),
_bInstituto de atención integral a la primera infancia (INAIPI)
_bPlan nacional de protección y atención integral a la primera infancia
_bdirección general de programas especiales,
_c2014.
300 _aModulos ;
_c30 cm.
505 0 _gModulo I --
_gEducar en y para los derechos humanos --
_tIntroducción --
_gCapítulo I --
_tLa convención sobre los derechos de la niñez --
_gCapítulo II --
_tEl derecho a la educación --
_gCapítulo III --
_tLa educación en derechos y el enfoque de derechos en educación --
_tBibliografía /
_gModulo II --
_gDesarrollo y aprendizaje en los primeros años --
_tIntroducción --
_gCapítulo I --
_tLa atención y educación en la primera infancia --
_gCapítulo II --
_tCaracterísticas de los niños desde el nacimiento a los seis años de edad --
_gCapítulo III --
_tEl aprendizaje en la primera infancia --
_gCapítulo IV --
_tResponsables de la atención y educación en la primera infancia y promoción de prácticas saludables --
_tBibliografía /
_gModulo III --
_gGestión de lasmodalidades de atención integral a la primera infancia --
_tIntroduccón --
_gCapítulo I --
_tLa calidad en la atención y educacíon en la primera infancia --
_gCapítulo II --
_tModalidades de atención a la primera infancia --
_gCapítulo III --
_tLas transiciones en la atención y educación a la primera infancia --
_gCapítulo IV --
_tOrganización del ambiente de aprendizaje --
_gCapítulo V --
_tLa evaluación en la primera infancia --
_tBibliografía /
504 _aIncluye datos bibliografícos
590 _aInventariado, 2018/ YL
700 1 _aPizano, Ana
_974667
700 1 _aHeisen, Margarita
_974668
700 1 _aGonzález, Wara
_974669
999 _c46227
_d46227